Presnosť metódy Monte Carlo

Meranie presnosti pomocou simulačnej metódy Monte Carlo. Všeobecný problém tejto metódy pri zaistení veľkého počtu iterácií. Vznik novej metódy - stresové testovanie. Doplnenie modelov Value Risk, Cash Flow at Risk a podobne. Určenie a zápis presnosti.

Enregistré dans:
Détails bibliographiques
Auteur principal: Lukáč, Miroslav
Format: Chapitre de livre
Langue:slovaque
Sujets:
Tags: Ajouter un tag
Pas de tags, Soyez le premier à ajouter un tag!

MARC

LEADER 00000naa$a2200000$$$4500
001 0115770
005 20240502072306.0
041 0 |a slo 
044 |a SK 
245 1 0 |a Presnosť metódy Monte Carlo  |c Miroslav Lukáč 
520 |a Meranie presnosti pomocou simulačnej metódy Monte Carlo. Všeobecný problém tejto metódy pri zaistení veľkého počtu iterácií. Vznik novej metódy - stresové testovanie. Doplnenie modelov Value Risk, Cash Flow at Risk a podobne. Určenie a zápis presnosti. 
610 2 0 |a metóda Monte Carlo 
610 2 0 |a metódy simulačné 
610 2 0 |a modely matematické 
610 2 0 |a závislosť korelačná 
610 2 0 |a rozdelenie pravdepodobnosti 
610 2 0 |a odhad štatistický 
610 2 0 |a testovanie stresové 
100 1 |a Lukáč, Miroslav